00564nam a2200193 a 4500001001300000003000900013005001700022008004100039020002300080082001600103100002600119245004200145260004200187300001000229500003500239650003500274650003500309700002600344nice12345678IN_TiNIC20260116014539.0140217s1998 kuaa grp 000 0 eng  a1882216172 c40000a922.97bTAD aTadifi, S M Ibn Yahya aNecklaces of Gems (qalaid Al-Jawahir) aKualalampurbS.A.Majeedand Co. c1998 a603p  aincludes index and biblioraphy aAbdul Khadir Jeelani-Biography aBiography-Abdul Khadir Jeelani1 aTadifi, S M Ibn Yahya